000 00282cam a22001097a 4500
008 180718b1879 xxu||||| |||| 00| 0 eng d
082 _aA42x5442 Rep6
245 _aThe Bombay irrigation act, 1879
260 _a
_b
_c1879
300 _av.p.
440 _aGujarat Replacement Series No. 6
999 _c487843
_d487843